| 000 -LEADER |
| fixed length control field |
01130nam a22002297a 4500 |
| 005 - DATE AND TIME OF LATEST TRANSACTION |
| control field |
20210326174651.0 |
| 008 - FIXED-LENGTH DATA ELEMENTS--GENERAL INFORMATION |
| fixed length control field |
210326s2015 enk||||| |||| 00| 0 eng d |
| 020 ## - INTERNATIONAL STANDARD BOOK NUMBER |
| International Standard Book Number |
9781784416126 |
| 041 ## - LANGUAGE CODE |
| Language code of text/sound track or separate title |
eng |
| 080 ## - UNIVERSAL DECIMAL CLASSIFICATION NUMBER |
| Universal Decimal Classification number |
37.02+376.2 W-80 |
| 245 ## - TITLE STATEMENT |
| Title |
Working with Teaching Assistants and Other Support Staff for Inclusive Education / |
| Statement of responsibility, etc. |
Series editor Chris Forlin; Volume editor Dianne Chambers. |
| 264 ## - PRODUCTION, PUBLICATION, DISTRIBUTION, MANUFACTURE, AND COPYRIGHT NOTICE |
| Place of production, publication, distribution, manufacture |
Bingley : |
| Name of producer, publisher, distributor, manufacturer |
Emerald Publishing Limited, |
| Date of production, publication, distribution, manufacture, or copyright notice |
2015. |
| 300 ## - PHYSICAL DESCRIPTION |
| Extent |
300 p., |
| Other physical details |
24 cm. |
| 440 ## - SERIES STATEMENT/ADDED ENTRY--TITLE |
| Title |
International Perspectives on Inclusive Education, |
| 9 (RLIN) |
10656 |
| Volume/sequential designation |
Volume 4 |
| 521 ## - TARGET AUDIENCE NOTE |
| Target audience note |
bibliogr. p. 285-287 |
| 653 ## - INDEX TERM--UNCONTROLLED |
| keyword |
ინკლუზიური განათლების ასისტენტებთან და სხვა დამხმარე პერსონალთან მუშაობა |
| 653 ## - INDEX TERM--UNCONTROLLED |
| keyword |
ინკლუზიური განათლება |
| 653 ## - INDEX TERM--UNCONTROLLED |
| keyword |
პედაგოგიკა |
| 700 ## - ADDED ENTRY--PERSONAL NAME |
| Personal name |
Forlin, Chris |
| Relator term |
სერიის რედაქტორი |
| 9 (RLIN) |
10661 |
| 700 ## - ADDED ENTRY--PERSONAL NAME |
| Personal name |
Chambers, Dianne |
| Relator term |
თავის რედაქტორი |
| 9 (RLIN) |
10786 |
| 942 ## - ADDED ENTRY ELEMENTS (KOHA) |
| Source of classification or shelving scheme |
|
| Koha item type |
წიგნი |